000 00629nam a2200277Ia 4500
005 20260324145927.0
008 008 260324s9999 xx 000 0 eng d
020 _a9781315538518
037 _aEBOOK
040 _aCRL
040 _beng
040 _cCRL
041 _2eng
041 _aeng
084 _qCRL
100 _aGillian Brown
_91224681
245 0 _aListening to Spoken English
260 _bTaylor and Francis
260 _c1977
365 _a
365 _b230
856 _uhttp://www.taylorfrancis.com/books/9781315538518
942 _cEBOOK
999 _c1833271
_d1833271